000 00968nam a2200265Ia 4500
003 OSt
005 20220923211315.0
006 a|||||r|||| 00| 0
007 ta
008 220922b |||||||| |||| 00| 0 hin d
020 _a9788180810743 (hbk)
_c595
024 _a317,480
037 _b81, 15/03/2017, Mallika Books
_cTextual
040 _aARTS
_cARTS
_bhin
041 _2hin
_ahin
082 _aO152,2:g, P8
100 _aराय, मृगेन्द्र, ले.
_9160213
245 0 _aहिन्दी काव्य-नाटक और युगबोध
246 _aHindī kāvya-nāṭak aur yugabodha
260 _aदिल्ली
_b नेशनल पब्लिशिंग हाउस
_c2008
300 _a331पृ.
_ccm.
650 _aहिन्दी नाटक
942 _hO152,2:g, P8
_cTEXL
_2CC
999 _c298321
_d298321